000 01096nam a2200301 a 4500
001 000113840
003 CHAP
005 20220329144415.0
008 170929s2017 mx sm |||||||spa d
010 _a110301
011 _a111273
040 _cCHAP
090 _aTesis
100 1 _aJuárez Fernández, Andrés Irving
_9133546
245 1 0 _aEvaluación agromorfológica de chirimoya (Annona cherimola Mill.) para distinción varietal
_h[En línea]
_cAndrés Irving Juárez Fernández.
260 _aChapingo, Méx. :
_bEl autor,
_c2017.
500 _aPara ver el contenido del material haga clic en la liga
502 _aTesis (Ing. Agr. Esp. en Fitotecnia) -- UACH. Departamento de Fitotecnia
590 _aE6337LMJ
_b05
_c20170929
_lUCH01
_h1025
590 _aE6337LMJ
_b05
_c20170929
_lUCH01
_h1028
650 1 4 _aChirimoya
_xFisiología y morfología.
_922612
650 1 4 _aChirimoya
_xMejoramiento.
_922614
650 1 4 _aChirimoya
_xVariedades.
_922620
856 _aFinding aid
_uhttp://10.13.5.2/tesis/sist113840.pdf
_zTeclea aquí
901 _aBK
942 _cTESIS
942 _n0
999 _c110301
_d110301